Poesías

Saved in:
Bibliographic Details
Main Author: Aldana, Francisco de
Format: Book
Language:Undetermined
Published: Madrid, España Espasa-Calpe 1957
Subjects:
Tags: Add Tag
No Tags, Be the first to tag this record!

MARC

LEADER 00000nam a2200000Ia 4500
008 170316s9999 xx 000 0 und d
040 |a cru BVZT 
090 |a 862 A-14p 
100 |a Aldana, Francisco de 
245 |a Poesías 
260 |a Madrid, España 
260 |b Espasa-Calpe 
260 |c 1957 
300 |a 151 páginas 
650 |a LITERATURA ESPAÑOLA 
999 |c 9364  |d 9364 
942 |c 15 D  |h 862 A-14p  |2 z